000 004780000a22001930004500
001 004128
003 MACL
005 20151015125030.0
008 151015b xxu||||| |||| 00| 0 eng d
040 _aMACL
_cMACL
041 _aEnglish
082 _a921/KRI
100 _aKrishnamurti, J
_94788
245 _aOn Relationship
_cJ Krishnamurti
260 _aChennai
_c2000
_bKrishna murti Foundation India,
350 _a60
650 _aBiography
_914946
942 _k921
_cBK
_2ddc
999 _c16019
_d16019